Homebuyer reports: overcoming frequent faults (Record no. 63779)
[ view plain ]
| 000 -LEADER | |
|---|---|
| fixed length control field | 00867cam a2200205 4500 |
| 001 - CONTROL NUMBER | |
| control field | ABS62529 |
| 008 - FIXED-LENGTH DATA ELEMENTS--GENERAL INFORMATION | |
| fixed length control field | 000000n2000 000 0 eng u |
| 035 ## - SYSTEM CONTROL NUMBER | |
| System control number | (Sirsi) u106472 |
| 100 ## - MAIN ENTRY--PERSONAL NAME | |
| Personal name | Holden, G. |
| 245 ## - TITLE STATEMENT | |
| Title | Homebuyer reports: overcoming frequent faults |
| 260 ## - PUBLICATION, DISTRIBUTION, ETC. | |
| Date of publication, distribution, etc. | 2000 |
| 490 ## - SERIES STATEMENT | |
| Series statement | CSM |
| -- | Chartered Surveyor Monthly |
| Volume/sequential designation | June 2000, 15(1) |
| 520 ## - SUMMARY, ETC. | |
| Summary, etc. | Outlines some of the problems in surveyors' preparation of Homebuyer reports. Recent Homebuyer report writing workshops showed that the most frequent faults include breaches of mandatory professional obligations and the contract with the client. Offers advice on how to deal with these flaws. |
| 590 ## - LOCAL NOTE (RLIN) | |
| Local note | ABS |
| 650 ## - SUBJECT ADDED ENTRY--TOPICAL TERM | |
| Topical term or geographic name entry element | RICS HOMEBUYER SURVEY AND VALUATION |
| 650 ## - SUBJECT ADDED ENTRY--TOPICAL TERM | |
| Topical term or geographic name entry element | SURVEYORS |
| 650 ## - SUBJECT ADDED ENTRY--TOPICAL TERM | |
| Topical term or geographic name entry element | RESIDENTIAL SURVEYS |
| 690 ## - LOCAL SUBJECT ADDED ENTRY--TOPICAL TERM (OCLC, RLIN) | |
| Topical term or geographic name as entry element | MANAGEMENT-BUSINESS MANAGEMENT-PROFESSIONAL PRACTICE |
| 942 ## - ADDED ENTRY ELEMENTS (KOHA) | |
| Suppress in OPAC | 0 |
| Withdrawn status | Lost status | Source of classification or shelving scheme | Damaged status | Not for loan | Home library | Current library | Shelving location | Date acquired | Total Checkouts | Full call number | Barcode | Date last seen | Copy number | Price effective from | Koha item type |
|---|---|---|---|---|---|---|---|---|---|---|---|---|---|---|---|
| Dewey Decimal Classification | London | London | Journal article | 15/06/2000 | ABS62529 | 106472-1001 | 06/08/2019 | 1 | 06/08/2019 | Journal article |